| 000 | 00823nam a2200265Ia 4500 | ||
|---|---|---|---|
| 003 | OSt | ||
| 005 | 20221005084503.0 | ||
| 006 | a|||||r|||| 00| 0 | ||
| 007 | ta | ||
| 008 | 221004b |||||||| |||| 00| 0 eng d | ||
| 020 |
_a9780759122192 (hbk) _c2343.80 |
||
| 024 | _a2252 | ||
| 037 |
_b36520, 21/12/2012, Segment Book Distributors _cTextual |
||
| 040 |
_aCRL _cCRL _beng |
||
| 041 |
_2eng _aeng |
||
| 082 | _aY7:1, Q2 | ||
| 100 |
_aMoore Jerry D. _9613344 |
||
| 245 | 0 |
_aVision of culture _b Introduction to anthropological theories and theorists |
|
| 250 | _a4ht | ||
| 260 |
_aNew York _bAltamira Press U.S.A _c2012 |
||
| 300 |
_axv, 359p. _ccm. |
||
| 650 | _aSOCIOLOGY | ||
| 942 |
_hY7:1, Q2 _cTEXL _2cc |
||
| 999 |
_c992656 _d992656 |
||